Statistiques concernant Personnages de l'univers de Zelda par Emojis

Cliquez ici pour prendre le quiz!

Statistiques générales

  • Ce quiz a été pris 1 486 fois
  • Le résultat moyen est 6 sur 10

Statistiques - réponses

EmojisPersonnages% Correct
Link
100%
Zelda
99%
Ganon
92%
Impa
60%
Arbre Mojo
56%
Midona
49%
Sheik
49%
Biggoron
43%
Tingle
42%
Nico
14%

Distribution des résultats

Percentile par nombre de réponses

% des personnes avec chaque résultat

Votre développement - résultats

Vous n’avez pas pris ce quiz